| 000 | 00521nam a2200157Ia 4500 | ||
|---|---|---|---|
| 008 | 210430s9999 xx 000 0 und d | ||
| 020 | _a978-0198565260 | ||
| 082 | _a668.9 C9551 P | ||
| 100 |
_aN G McCrum, C P Buckley, C B Bucknall _9127708 |
||
| 245 |
_aPrinciples of polymer engineering / _cMcCrum, N. G. |
||
| 250 | _a2nd edition | ||
| 260 |
_a[S.l.] : _bOxford University Press, USA, _c1997 |
||
| 300 | _a464 p. ; | ||
| 856 | _uhttp://www.amazon.com/exec/obidos/ASIN/0198565267/chopaconline-20 | ||
| 942 |
_2ddc _cBK |
||
| 999 |
_c564406 _d564406 |
||